000 00909nam a2200277 i 4500
005 20220317000214.0
008 290320s2007 ck 0 0 gr d s spa d
020 _a9789583506109
040 _aCO-BoRNBP
_bspa
_cCO-BoRNBP
_erda
041 0 _aspa
082 0 4 _a346.07
_bL66i
100 1 _aLópez Guzmán, Fabián
_eautor
245 1 0 _aIntroducción al derecho mercantil
_cFabián López Guzmán
250 _aPrimera edición
264 1 _aBogotá
_bTemis
_c2007
300 _axiii, 554 páginas
_c24 cm
336 _atexto
_btxt
_2rdacontent
337 _asin mediación
_bn
_2rdamedia
338 _avolumen
_bnc
_2rdacarrier
500 _aIncluye índice
504 _aIncluye referencias bibliográficas
650 1 7 _aDerecho comercial
_xLegislación
_zColombia
_2LEMB
650 1 7 _aDerecho civil
_xLegislación
_zColombia
_2LEMB
650 1 7 _aGarantias constitucionales
_zColombia
_2LEMB
942 _2ddc
_cBK
999 _c3391
_d3391